000 00538 a2200193 4500
001 135118
020 _a85-225-0296-X
040 _cLeonardo Da Vinci
041 _aPortuguês
082 _a808 G21c
_bG21c
100 _aGARCIA, Othon M
245 _aComunicação em Prosa Moderna
_baprenda a escrever, aprendendo a pensar
250 _a26.ed
260 _bFGV
_c2006
_aRio de Janeiro
300 _a540
362 _a20060000
697 _aPortuguês
_aComunicação
_aGramática
_aRetórica
_aRedação técnica
_aFIPEN
942 _cBK
999 _c135118
_d135118